[Event "K41 Aabent Mesterskab 2006-07"]
[Site "Valby"]
[Date "2007.01.09"]
[Round "5"]
[White "Laursen, Niels Norskov"]
[Black "Brondum, Eric"]
[Result "1/2-1/2"]
[WhiteElo "2100"]
[BlackElo "2100"]
[PlyCount "42"]
[EventDate "2006.??.??"]

1. e4 c5 2. Nf3 d6 3. d4 cxd4 4. Nxd4 Nf6 5. Nc3 a6 6. Bg5 e6 7. f4 Qc7 8. Bxf6
gxf6 9. Be2 Nc6 10. Nb3 b5 11. a3 Bb7 12. Bg4 b4 13. axb4 Nxb4 14. O-O Rg8 15.
Bh3 d5 16. Kh1 dxe4 17. f5 e5 18. Na5 Rd8 19. Qe2 Ba8 20. Nxe4 Be7 21. c3 Nd3
1/2-1/2

[Event "K41 Aabent Mesterskab 2006-07"]
[Site "Valby"]
[Date "2007.01.09"]
[Round "5"]
[White "Lichtenberg, Ivan"]
[Black "Edholm, Tommy"]
[Result "1-0"]
[WhiteElo "1258"]
[BlackElo "1138"]
[PlyCount "66"]
[EventDate "2006.??.??"]

1. e4 e5 2. Nf3 Nc6 3. Bb5 a6 4. Ba4 Nf6 5. O-O Be7 6. Re1 b5 7. Bb3 O-O 8. c3
d6 9. h3 Re8 10. d4 Bf8 11. Bg5 Be7 12. Nbd2 Nh5 13. Bxe7 Qxe7 14. Nxe5 dxe5
15. Qxh5 g6 16. Qh6 exd4 17. Nf3 Qf8 18. Qxf8+ Kxf8 19. cxd4 Bb7 20. d5 Na5 21.
Bc2 Nc4 22. b3 Ne5 23. Nd2 Rad8 24. f4 Nd7 25. b4 Nb6 26. Bb3 c6 27. dxc6 Bxc6
28. Rac1 Bb7 29. Rc7 Rxd2 30. Rxb7 Na4 31. Rxf7+ Kg8 32. Rd7+ Kf8 33. Rxd2 Nc3
1-0

[Event "K41 Aabent Mesterskab 2006-07"]
[Site "Valby"]
[Date "2007.01.09"]
[Round "5"]
[White "Mikkelsen, Nikolaj"]
[Black "Naes, Flovin Tor"]
[Result "1-0"]
[WhiteElo "2281"]
[BlackElo "2227"]
[PlyCount "61"]
[EventDate "2006.??.??"]

1. e4 e5 2. Nf3 Nc6 3. Bb5 Nf6 4. O-O Nxe4 5. d4 Nd6 6. Bxc6 dxc6 7. dxe5 Nf5
8. Qxd8+ Kxd8 9. Nc3 a5 10. h3 a4 11. a3 h6 12. g4 Ne7 13. Re1 Ng6 14. Be3 Ra5
15. Rad1+ Ke8 16. Rd4 Be7 17. Bd2 h5 18. Kg2 hxg4 19. hxg4 Be6 20. Kg3 Ra8 21.
Ng5 c5 22. Rde4 Rd8 23. Nxe6 Bh4+ 24. Kf3 Rxd2 25. Nxg7+ Kf8 26. Nf5 Rxf2+ 27.
Ke3 Rxc2 28. Rxa4 Kg8 29. Ra8+ Kh7 30. Rxh8+ Kxh8 31. Nxh4 1-0

[Event "K41 Aabent Mesterskab 2006-07"]
[Site "Valby"]
[Date "2007.01.09"]
[Round "5"]
[White "Moller, Arne Vagn"]
[Black "Nielsen, Kai Gylling"]
[Result "0-1"]
[WhiteElo "1782"]
[BlackElo "1672"]
[PlyCount "46"]
[EventDate "2006.??.??"]

1. e4 e5 2. Nf3 Nf6 3. Nc3 Nc6 4. Bb5 d6 5. d4 exd4 6. Nxd4 Bd7 7. Nxc6 bxc6 8.
Bd3 Be7 9. O-O O-O 10. f4 d5 11. e5 Bc5+ 12. Kh1 Ng4 13. Qf3 Qh4 14. h3 f6 15.
Nxd5 fxe5 16. Nxc7 Rad8 17. Bc4+ Kh8 18. Ne6 Bxe6 19. Bxe6 Nf2+ 20. Kh2 exf4
21. b4 Qg3+ 22. Qxg3 fxg3+ 23. Kxg3 Ne4+ 0-1

[Event "K41 Aabent Mesterskab 2006-07"]
[Site "Valby"]
[Date "2007.01.09"]
[Round "5"]
[White "Nielsen, John Holm"]
[Black "Radil, Casper"]
[Result "0-1"]
[WhiteElo "1971"]
[BlackElo "2104"]
[PlyCount "44"]
[EventDate "2006.??.??"]

1. Nc3 Nf6 2. Nf3 d5 3. d4 g6 4. Bf4 Bg7 5. e3 O-O 6. Bd3 Nbd7 7. Qd2 c5 8.
O-O-O c4 9. Be2 a6 10. Ne5 b5 11. Nc6 Qe8 12. Bf3 Nb6 13. Nb4 Bb7 14. Bc7 a5
15. Bxb6 axb4 16. Nb1 Nd7 17. Bc7 Qc8 18. Bg3 b3 19. axb3 cxb3 20. Na3 b4 21.
Nb1 Ra6 22. c3 bxc3 0-1

[Event "K41 Aabent Mesterskab 2006-07"]
[Site "Valby"]
[Date "2007.01.09"]
[Round "5"]
[White "Nielsen, Michael"]
[Black "Akdag, Dara Sevkan"]
[Result "0-1"]
[WhiteElo "2043"]
[BlackElo "1910"]
[PlyCount "92"]
[EventDate "2006.??.??"]

1. d4 c5 2. d5 Nf6 3. c4 e6 4. Nc3 exd5 5. cxd5 d6 6. e4 g6 7. Bg5 Bg7 8. Bb5+
Bd7 9. Bd3 O-O 10. Nge2 Qc7 11. Qd2 Re8 12. O-O c4 13. Bc2 b5 14. a3 Na6 15. f3
Nc5 16. Nd4 Rab8 17. Rfd1 a5 18. a4 b4 19. Ncb5 Bxb5 20. Nxb5 Rxb5 21. axb5
Nfd7 22. Qe2 b3 23. Qxc4 bxc2 24. Qxc2 Qb6 25. Be3 Qxb5 26. Rab1 a4 27. Bd4
Bxd4+ 28. Rxd4 Rb8 29. f4 Re8 30. Re1 f6 31. h4 Qb3 32. Qxb3 axb3 33. g4 Kf7
34. Kf2 Re7 35. Re3 g5 36. hxg5 fxg5 37. Rh3 Kg7 38. Kf3 gxf4 39. g5 Rf7 40.
Rh6 Ne5+ 41. Ke2 f3+ 42. Kf1 Ng4 43. Rxd6 f2 44. Rf6 Nxf6 45. gxf6+ Kxf6 46. d6
Ke6 0-1

[Event "K41 Aabent Mesterskab 2006-07"]
[Site "Valby"]
[Date "2007.01.09"]
[Round "5"]
[White "Nielsen, Soren Skovso"]
[Black "Rasmussen, Morten(1956)"]
[Result "0-1"]
[WhiteElo "1593"]
[BlackElo "1742"]
[PlyCount "50"]
[EventDate "2006.??.??"]

1. d4 Nf6 2. Nf3 g6 3. Bf4 Bg7 4. h3 d5 5. e3 O-O 6. Nbd2 c5 7. c3 b6 8. Bd3
Nc6 9. Ne5 Bb7 10. Nxc6 Bxc6 11. O-O Nd7 12. Nf3 f6 13. Qc2 e5 14. dxe5 fxe5
15. Bg5 Qe8 16. e4 Qe6 17. exd5 Bxd5 18. Be4 c4 19. Rad1 Bc6 20. Qe2 Rae8 21.
Bh4 Bxe4 22. Qxe4 Nc5 23. Qe2 Nd3 24. Ng5 Qd5 25. Ne4 Rf4 0-1

[Event "K41 Aabent Mesterskab 2006-07"]
[Site "Valby"]
[Date "2007.01.09"]
[Round "5"]
[White "Nilsson, Erling"]
[Black "Hjortkjaer, Rolf"]
[Result "0-1"]
[WhiteElo "1915"]
[BlackElo "1754"]
[PlyCount "144"]
[EventDate "2006.??.??"]

1. Nf3 d5 2. g3 g6 3. Bg2 Bg7 4. O-O Nf6 5. d3 c5 6. Nbd2 Nc6 7. Re1 e5 8. e4
d4 9. Nc4 Qc7 10. Bg5 b5 11. Na3 a6 12. Qd2 O-O 13. Bh6 Ng4 14. Bxg7 Kxg7 15.
h3 Nh6 16. Nh2 Qa5 17. Nb1 Qxd2 18. Nxd2 Be6 19. f4 Nb4 20. f5 Bxa2 21. Rec1 f6
22. g4 Bg8 23. Bf1 Rfc8 24. c4 dxc3 25. bxc3 Nc6 26. c4 b4 27. Nb3 Nd4 28. Rcb1
Nxb3 29. Rxb3 a5 30. Nf3 a4 31. Rb2 g5 32. Rba2 a3 33. Be2 Bf7 34. Kf2 Be8 35.
Bd1 Nf7 36. Ke3 Nd8 37. Bb3 Ba4 38. Nd2 Nc6 39. Bxa4 Rxa4 40. Rb1 Nd4 41. Nb3
Nxb3 42. Rxb3 h5 43. gxh5 Rh8 44. Kf3 Rxh5 45. Kg3 Ra8 46. Rb1 Rah8 47. Rh2 a2
48. Rbh1 b3 49. Rb2 Rxh3+ 50. Rxh3 Rxh3+ 51. Kxh3 a1=Q 52. Rxb3 Qf1+ 53. Kg3
Qg1+ 54. Kh3 g4+ 55. Kh4 g3 56. Rb7+ Kf8 57. Kh5 Qh2+ 58. Kg6 g2 59. Kxf6 Qh8+
60. Ke6 g1=Q 61. f6 Qg4+ 62. Kxe5 Qhh5+ 63. Kd6 Qc8 64. Rc7 Qb8 65. Kc6 Qe5 66.
Rd7 Qa8+ 67. Kb5 Qab8+ 68. Kc6 Qa8+ 69. Rb7 Qc8+ 70. Kb6 Qb2+ 71. Ka6 Qcxb7+
72. Ka5 Qa2# 0-1

[Event "K41 Aabent Mesterskab 2006-07"]
[Site "Valby"]
[Date "2007.01.09"]
[Round "5"]
[White "Ringsborg, Allan"]
[Black "Roder, Peter Ulrik"]
[Result "0-1"]
[WhiteElo "1591"]
[BlackElo "2029"]
[PlyCount "52"]
[EventDate "2006.??.??"]

1. Nf3 d5 2. b3 c5 3. e3 Nf6 4. Bb2 Bg4 5. Be2 Nc6 6. h3 Bh5 7. O-O Qc7 8. d3
e5 9. Nh4 Bxe2 10. Qxe2 Bd6 11. Nc3 Qd7 12. a3 g5 13. Qf3 Be7 14. Nf5 O-O-O 15.
Nxe7+ Qxe7 16. Qf5+ Kb8 17. g4 h5 18. Kg2 hxg4 19. hxg4 Rh4 20. f3 d4 21. Nd1
Rdh8 22. Kf2 Rh2+ 23. Ke1 Rxc2 24. Rc1 Rg2 25. e4 Rhh2 26. Nf2 Ne8 0-1

[Event "K41 Aabent Mesterskab 2006-07"]
[Site "Valby"]
[Date "2007.01.09"]
[Round "5"]
[White "Sorensen, Hans Erik Then"]
[Black "Krull, Carl"]
[Result "1-0"]
[WhiteElo "1544"]
[BlackElo "1375"]
[PlyCount "109"]
[EventDate "2006.??.??"]

1. d4 Nf6 2. c4 e5 3. dxe5 Ng4 4. Nf3 Nc6 5. e3 Ngxe5 6. Nc3 Bb4 7. Bd2 d6 8.
a3 Bxc3 9. Bxc3 Bg4 10. Be2 f6 11. O-O Qd7 12. b4 Bxf3 13. Bxf3 Nxc4 14. Bd5
Nb6 15. Bb3 Qf5 16. a4 Ne5 17. a5 Nbc4 18. f4 Nxe3 19. fxe5 Qxf1+ 20. Qxf1 Nxf1
21. exf6 gxf6 22. Bxf6 Rf8 23. Rxf1 Kd7 24. Bg7 Rxf1+ 25. Kxf1 b6 26. b5 Re8
27. Bd5 Re3 28. Kf2 Ra3 29. a6 Ra5 30. Bc6+ Ke6 31. Bd4 Ra3 32. g4 Rh3 33. Kg2
Rd3 34. Bf2 Rd2 35. Kf3 Rd3+ 36. Ke4 Rd2 37. Bg3 Rc2 38. Kf4 Rc4+ 39. Kg5 Rd4
40. Kh5 Rc4 41. g5 Rc5 42. Kh6 Kf7 43. Be4 c6 44. Bxd6 Rxb5 45. Bxc6 Rb3 46.
Bd5+ Ke8 47. Bxb3 Kd7 48. Bf8 Kc6 49. Kxh7 b5 50. g6 b4 51. g7 Kb5 52. g8=Q
Kxa6 53. Qc4+ Ka5 54. Qxb4+ Ka6 55. Bc4# 1-0

[Event "K41 Aabent Mesterskab 2006-07"]
[Site "Valby"]
[Date "2007.01.09"]
[Round "5"]
[White "Taylor, Ralph"]
[Black "Ottosen, Peder"]
[Result "0-1"]
[WhiteElo "1876"]
[BlackElo "1983"]
[PlyCount "56"]
[EventDate "2006.??.??"]

1. e4 c5 2. Nf3 e6 3. d4 cxd4 4. Nxd4 a6 5. Nc3 Qc7 6. Be3 Bb4 7. Qd2 Nf6 8. f3
d5 9. Bg5 e5 10. Bxf6 gxf6 11. exd5 exd4 12. Qxd4 Qe5+ 13. Qxe5+ fxe5 14. O-O-O
Bf5 15. Ne2 Nd7 16. Ng3 Bg6 17. Bc4 Rc8 18. Bd3 O-O 19. Bf5 Rcd8 20. a3 Bc5 21.
b4 Bd4 22. Bxg6 hxg6 23. Ne4 Nb6 24. c3 Rc8 25. Kd2 Nc4+ 26. Ke2 Ba7 27. Ra1 f5
28. Ng5 Ne3 0-1

[Event "K41 Aabent Mesterskab 2006-07"]
[Site "Valby"]
[Date "2007.01.23"]
[Round "6"]
[White "Abildgaard, Kenneth"]
[Black "Jorgensen, Orla Eilegaard"]
[Result "1-0"]
[WhiteElo "1470"]
[BlackElo "1459"]
[PlyCount "89"]
[EventDate "2006.??.??"]

1. e4 a6 2. d4 b5 3. c4 Bb7 4. f3 e6 5. cxb5 axb5 6. Bxb5 Bxe4 7. fxe4 Qh4+ 8.
Kf1 Qxe4 9. Qd3 Qg4 10. Nc3 c6 11. Bc4 Ra5 12. Nce2 Rf5+ 13. Nf3 Nf6 14. Ng3
Ra5 15. Bd2 Ra8 16. Kf2 d5 17. Bb3 Bd6 18. Ne5 Qh4 19. Rhe1 Ne4+ 20. Rxe4 dxe4
21. Qxe4 Qxe4 22. Nxe4 Bxe5 23. dxe5 O-O 24. Nc5 Rd8 25. Bc3 g5 26. g4 Nd7 27.
Nxd7 Rxd7 28. Ke2 Rb7 29. Bc4 c5 30. a4 Kf8 31. b3 Ke7 32. a5 Kd7 33. a6 Rb6
34. Rd1+ Ke7 35. Ba5 Rc6 36. Bb5 Rcc8 37. Rd7+ Kf8 38. a7 Kg7 39. Ba6 Rc6 40.
Bb5 Rcc8 41. Bb6 h6 42. Ba6 Rc6 43. Bb7 Rxb6 44. Bxa8 Rxb3 45. Be4 1-0

[Event "K41 Aabent Mesterskab 2006-07"]
[Site "Valby"]
[Date "2007.01.23"]
[Round "6"]
[White "Akdag, Dara Sevkan"]
[Black "Nielsen, Jens Holm"]
[Result "1-0"]
[WhiteElo "1910"]
[BlackElo "1780"]
[PlyCount "74"]
[EventDate "2006.??.??"]

1. d4 d5 2. c4 dxc4 3. e4 e5 4. Nf3 exd4 5. Bxc4 Bb4+ 6. Nbd2 Nc6 7. O-O Qe7 8.
Bb5 Bd7 9. Bxc6 bxc6 10. Nxd4 Nf6 11. e5 Nd5 12. N2f3 O-O 13. Qc2 c5 14. Nb3 c4
15. Qxc4 Nb6 16. Qc2 Ba4 17. Ng5 g6 18. Nf3 c5 19. Bg5 Qc7 20. Qc1 c4 21. Bf6
Rfe8 22. Nbd4 Nd5 23. Bh4 Be7 24. Bg3 Qb6 25. Qxc4 Nb4 26. b3 Rac8 27. Qe2 Bd7
28. Rfc1 Rxc1+ 29. Rxc1 Nd5 30. e6 fxe6 31. Qd2 Rc8 32. Rxc8+ Bxc8 33. Ne5 Bf6
34. h3 Qb4 35. Qc1 Qc3 36. Qd1 Ba6 37. Nxe6 Bxe5 1-0

[Event "K41 Aabent Mesterskab 2006-07"]
[Site "Valby"]
[Date "2007.01.23"]
[Round "6"]
[White "Andersen, Niels Erik"]
[Black "Nielsen, Michael"]
[Result "1-0"]
[WhiteElo "1860"]
[BlackElo "2043"]
[PlyCount "87"]
[EventDate "2006.??.??"]

1. d4 Nf6 2. Nf3 b6 3. g3 Bb7 4. Bg2 e6 5. c4 Be7 6. Nc3 d6 7. O-O O-O 8. Re1
c5 9. d5 exd5 10. Nxd5 Nxd5 11. cxd5 Bf6 12. e4 Re8 13. Qb3 a5 14. a4 Na6 15.
Bd2 Nb4 16. Bf1 Ba6 17. Bxa6 Rxa6 18. Bc3 Ra7 19. Rad1 Rb7 20. Nd2 b5 21. axb5
Rxb5 22. Nc4 Rb8 23. Qa4 Ra8 24. f4 Bd4+ 25. Bxd4 cxd4 26. Rxd4 Qc7 27. Red1
Qc5 28. Kg2 f6 29. R1d2 Reb8 30. Qd7 Nc2 31. Qe6+ Kh8 32. Nxd6 h6 33. R4d3 Ne1+
34. Kh3 Nxd3 35. Rxd3 Rb6 36. e5 fxe5 37. fxe5 Qc1 38. Rf3 Qd1 39. Rf4 Qh5+ 40.
Rh4 Qd1 41. Rxh6+ gxh6 42. Qxh6+ Kg8 43. Qg6+ Kh8 44. Nf7# 1-0

[Event "K41 Aabent Mesterskab 2006-07"]
[Site "Valby"]
[Date "2007.01.23"]
[Round "6"]
[White "Brondum, Eric"]
[Black "Christensen, Esben"]
[Result "1/2-1/2"]
[WhiteElo "2100"]
[BlackElo "2002"]
[PlyCount "59"]
[EventDate "2006.??.??"]

1. d4 Nf6 2. c4 c5 3. d5 b5 4. a4 bxc4 5. Nc3 g6 6. e4 d6 7. Nf3 Bg7 8. Nd2 O-O
9. Be2 e6 10. Nxc4 exd5 11. exd5 Re8 12. O-O Na6 13. Bf3 Nb4 14. Bf4 Bf8 15.
Nb5 Ne4 16. Re1 a6 17. Rxe4 Rxe4 18. Bxe4 axb5 19. axb5 Rxa1 20. Qxa1 Qf6 21.
Be3 Qe7 22. Bf3 Bb7 23. Qd1 Qd7 24. b6 Ba6 25. b3 Qd8 26. h3 Bg7 27. Bf4 Bxc4
28. bxc4 Qxb6 29. Qa4 Qd8 30. Be2 1/2-1/2

[Event "K41 Aabent Mesterskab 2006-07"]
[Site "Valby"]
[Date "2007.01.23"]
[Round "6"]
[White "Edholm, Tommy"]
[Black "Ringsborg, Allan"]
[Result "1/2-1/2"]
[WhiteElo "1138"]
[BlackElo "1591"]
[PlyCount "80"]
[EventDate "2006.??.??"]

1. e4 e5 2. Nf3 Nf6 3. Nxe5 d6 4. Nf3 Nxe4 5. Qe2 Qe7 6. d3 Nc5 7. Qxe7+ Bxe7
8. Nc3 c6 9. d4 Ncd7 10. Bd3 h6 11. O-O O-O 12. Re1 Bf6 13. Bf4 Rd8 14. Bxd6
Nf8 15. Bc7 Rd7 16. Be5 Bxe5 17. Rxe5 Rd8 18. Rae1 Be6 19. h3 Nbd7 20. R5e3 Nf6
21. Ne4 Nd5 22. R3e2 Nf4 23. Re3 Nxd3 24. Rxd3 Bf5 25. g4 Be6 26. Nc5 b6 27.
Nxe6 Nxe6 28. Kh2 Rd6 29. Rde3 Rad8 30. c3 Nc7 31. h4 Re6 32. Kg3 Kf8 33. Rxe6
Nxe6 34. Ne5 c5 35. Ng6+ fxg6 36. Rxe6 cxd4 37. cxd4 Rxd4 38. Re2 Kf7 39. Rc2
Rd7 40. Rc6 Re7 1/2-1/2

[Event "K41 Aabent Mesterskab 2006-07"]
[Site "Valby"]
[Date "2007.01.23"]
[Round "6"]
[White "Frederiksen, Alan"]
[Black "Nilsson, Erling"]
[Result "0-1"]
[WhiteElo "1638"]
[BlackElo "1915"]
[PlyCount "64"]
[EventDate "2006.??.??"]

1. d4 e6 2. c4 b6 3. a3 Bb7 4. Nc3 Nf6 5. d5 Be7 6. e4 exd5 7. cxd5 d6 8. g3
O-O 9. Bg2 Nbd7 10. Nge2 Re8 11. O-O Nf8 12. Nd4 N6d7 13. Re1 Bf6 14. Be3 Ne5
15. f4 Neg6 16. Rc1 a6 17. Qd3 Ne7 18. b4 Qd7 19. b5 Bxd4 20. Bxd4 f5 21. e5
dxe5 22. Bxe5 axb5 23. Qxb5 Qd8 24. Bxc7 Qxc7 25. d6 Qxd6 26. Bxb7 Rab8 27.
Red1 Qxa3 28. Bg2 Red8 29. Qc4+ Kh8 30. Qc7 Rbc8 31. Rxd8 Qxc1+ 32. Bf1 Rxc7
0-1

[Event "K41 Aabent Mesterskab 2006-07"]
[Site "Valby"]
[Date "2007.01.23"]
[Round "6"]
[White "Kristensen, Steffen Michael"]
[Black "Moller, Arne Vagn"]
[Result "0-1"]
[WhiteElo "1275"]
[BlackElo "1782"]
[PlyCount "58"]
[EventDate "2006.??.??"]

1. c4 Nf6 2. d4 e6 3. Nc3 Bb4 4. Bd2 O-O 5. e3 c5 6. Nf3 Bxc3 7. Bxc3 Ne4 8.
Qc2 Nxc3 9. Qxc3 cxd4 10. Nxd4 a6 11. Bd3 Nc6 12. Nxc6 dxc6 13. O-O-O Qe7 14.
h4 b5 15. Qd4 e5 16. Qc3 e4 17. Bc2 c5 18. b3 Bb7 19. h5 h6 20. g4 Rfd8 21.
Rdg1 Qg5 22. Rf1 Rd6 23. f4 exf3 24. Kb1 Rad8 25. e4 Qd2 26. Qxd2 Rxd2 27. cxb5
axb5 28. Rxf3 Rxc2 29. Kxc2 Bxe4+ 0-1

[Event "K41 Aabent Mesterskab 2006-07"]
[Site "Valby"]
[Date "2007.01.23"]
[Round "6"]
[White "Krogh, Soren"]
[Black "Kristensen, Sascha"]
[Result "0-1"]
[WhiteElo "1183"]
[BlackElo "1345"]
[PlyCount "62"]
[EventDate "2006.??.??"]

1. d4 f5 2. e4 fxe4 3. Nc3 Nf6 4. Bg5 d5 5. Bxf6 exf6 6. f3 exf3 7. Nxf3 Bg4 8.
Qd3 c6 9. O-O-O Be7 10. h4 Nd7 11. h5 f5 12. Re1 Nf6 13. Ne5 Qa5 14. Nxg4 fxg4
15. Qf5 Ne4 16. Qe6 Qc7 17. Nxe4 dxe4 18. Rxe4 Rd8 19. Bc4 Rf8 20. Rhe1 Rd7 21.
h6 g6 22. Re5 Kd8 23. Qxg4 Bf6 24. Re6 Rxd4 25. Qe2 Qf4+ 26. Kb1 Rxc4 27. Re8+
Rxe8 28. Qxe8+ Kc7 29. Rd1 Qf5 30. Qe2 Qb5 31. b3 Rd4 0-1

[Event "K41 Aabent Mesterskab 2006-07"]
[Site "Valby"]
[Date "2007.01.23"]
[Round "6"]
[White "Krull, Carl"]
[Black "Eiholt, Bjarne"]
[Result "1/2-1/2"]
[WhiteElo "1375"]
[BlackElo "1444"]
[PlyCount "89"]
[EventDate "2006.??.??"]

1. e4 c6 2. Nc3 d5 3. exd5 cxd5 4. d4 Nf6 5. Bg5 Bg4 6. Nf3 e6 7. Bb5+ Nc6 8.
h3 Bh5 9. g4 Bg6 10. Ne5 Rc8 11. Qf3 a6 12. Nxg6 hxg6 13. Bxc6+ Rxc6 14. Bxf6
gxf6 15. O-O-O Bb4 16. Rd3 Bxc3 17. Rxc3 Rxc3 18. Qxc3 Kd7 19. f4 Qb8 20. Qf3
Qa7 21. c3 Rc8 22. Kb1 b5 23. f5 Ke7 24. Re1 b4 25. fxe6 fxe6 26. Qxd5 Qd7 27.
Qxd7+ Kxd7 28. Kc2 Kd6 29. Kd3 g5 30. cxb4 Kd5 31. b3 Rh8 32. Re3 Rb8 33. a3 a5
34. Rf3 axb4 35. axb4 Rxb4 36. Kc3 Rxd4 37. Rxf6 Re4 38. Rg6 Re3+ 39. Kc2 Rxh3
40. Rxg5+ Kd4 41. Rh5 Rg3 42. g5 Rg2+ 43. Kd1 e5 44. b4 e4 45. Rh8 1/2-1/2

[Event "K41 Aabent Mesterskab 2006-07"]
[Site "Valby"]
[Date "2007.01.23"]
[Round "6"]
[White "Lichtenberg, Ivan"]
[Black "Hou, Mads"]
[Result "1-0"]
[WhiteElo "1258"]
[BlackElo "1537"]
[PlyCount "67"]
[EventDate "2006.??.??"]

1. e4 f5 2. exf5 Nf6 3. d4 d5 4. Bd3 c5 5. dxc5 Nc6 6. a3 Qa5+ 7. Bd2 Qxc5 8.
Nf3 e5 9. fxe6 Bxe6 10. O-O O-O-O 11. b4 Qd6 12. Nc3 d4 13. Nb5 Qd7 14. c3 a6
15. Nbxd4 Bd6 16. a4 Bxh2+ 17. Kxh2 Ng4+ 18. Kg1 Nxd4 19. cxd4 Rhf8 20. Rc1+
Kb8 21. b5 Qd6 22. g3 Ka8 23. bxa6 Bd5 24. axb7+ Bxb7 25. Ng5 Nxf2 26. Bf4 Rxf4
27. Rxf2 Rxf2 28. Ne4 Qxd4 29. Nxf2 Qe3 30. Kf1 Qxg3 31. Qe2 Bf3 32. Be4+ Bxe4
33. Qxe4+ Ka7 34. Qe7+ 1-0

[Event "K41 Aabent Mesterskab 2006-07"]
[Site "Valby"]
[Date "2007.01.23"]
[Round "6"]
[White "Madsen, Poul Henrik"]
[Black "Eriksson, Christian Altenburg"]
[Result "1-0"]
[WhiteElo "2095"]
[BlackElo "1985"]
[PlyCount "115"]
[EventDate "2006.??.??"]

1. c3 Nf6 2. d4 g6 3. Bg5 Bg7 4. Nd2 b6 5. e4 Bb7 6. Bd3 d6 7. Ne2 Nbd7 8. Ng3
h6 9. Be3 O-O 10. f4 e6 11. O-O Qe7 12. Qb3 Ng4 13. Bf2 Nxf2 14. Rxf2 c5 15. e5
d5 16. Qa3 Rfe8 17. Ngf1 Bf8 18. Qa4 cxd4 19. cxd4 h5 20. Ne3 Nb8 21. Rc1 a6
22. Qd1 Nc6 23. Nb3 Rac8 24. Rfc2 Qd7 25. Be2 Bh6 26. g3 Ne7 27. Rxc8 Rxc8 28.
Rxc8+ Qxc8 29. Qc1 Qd7 30. Qc3 Nc6 31. Nc2 Bf8 32. a3 h4 33. Nc1 Qc8 34. Kg2
Qd7 35. Nd3 Na5 36. Ndb4 b5 37. gxh4 Qd8 38. h5 Qh4 39. hxg6 fxg6 40. Qg3 Qh6
41. Qg5 Qg7 42. Bd3 Kh7 43. Qh5+ Qh6 44. Bxg6+ Kg7 45. Qxh6+ Kxh6 46. Bd3 Nc4
47. Bxc4 dxc4+ 48. Kg3 Kg6 49. Ne3 Be7 50. Kg4 Bd8 51. h4 Bb6 52. f5+ exf5+ 53.
Nxf5 Bc8 54. h5+ Kf7 55. Nc6 Be6 56. h6 Kg6 57. Nce7+ Kh7 58. d5 1-0

[Event "K41 Aabent Mesterskab 2006-07"]
[Site "Valby"]
[Date "2007.01.23"]
[Round "6"]
[White "Naes, Flovin Tor"]
[Black "Laursen, Niels Norskov"]
[Result "1-0"]
[WhiteElo "2227"]
[BlackElo "2100"]
[PlyCount "47"]
[EventDate "2006.??.??"]

1. c4 c5 2. g3 Nc6 3. Bg2 g6 4. Nc3 Bg7 5. e3 d6 6. Nge2 e5 7. O-O Be6 8. d3
Qd7 9. Nd5 O-O-O 10. Qa4 h5 11. Nec3 Bh3 12. Nb5 Bxg2 13. Nxa7+ Kb8 14. Nb6 Qc7
15. Nac8 Qxc8 16. Nxc8 Bxf1 17. Nb6 Bxd3 18. Qa8+ Kc7 19. Nd5+ Kd7 20. Qxb7+
Ke6 21. Qxc6 Ne7 22. Nc7+ Kf5 23. Qf3+ Kg5 24. e4# 1-0

[Event "K41 Aabent Mesterskab 2006-07"]
[Site "Valby"]
[Date "2007.01.23"]
[Round "6"]
[White "Nielsen, Kai Gylling"]
[Black "Jorgensen, Kasper Moller"]
[Result "0-1"]
[WhiteElo "1672"]
[BlackElo "1930"]
[PlyCount "88"]
[EventDate "2006.??.??"]

1. e4 c5 2. Nf3 d6 3. d4 cxd4 4. Nxd4 Nf6 5. Nc3 a6 6. Bg5 e6 7. Bd3 Be7 8. O-O
Nxe4 9. Bxe7 Nxc3 10. Bxd8 Nxd1 11. Raxd1 Kxd8 12. f4 Nc6 13. Be4 d5 14. Bf3
Kc7 15. c4 dxc4 16. Nxc6 bxc6 17. Rc1 Rb8 18. Rxc4 Rxb2 19. Bxc6 Rd8 20. Rfc1
Bb7 21. Bxb7+ Kxb7 22. Rc7+ Kb6 23. Rxf7 g5 24. Rf6 gxf4 25. Rxe6+ Ka5 26. Re5+
Ka4 27. Rc4+ Rb4 28. Rxb4+ Kxb4 29. Re4+ Ka3 30. Rxf4 Rd6 31. Rf7 h6 32. g4 Rd4
33. h3 a5 34. Rf6 h5 35. Rf5 a4 36. Rxh5 Kxa2 37. Rf5 a3 38. g5 Kb2 39. Rf2+
Kb1 40. g6 a2 41. g7 Rd8 42. Rf8 a1=Q 43. g8=Q Qd4+ 44. Kg2 Qe4+ 0-1

[Event "K41 Aabent Mesterskab 2006-07"]
[Site "Valby"]
[Date "2007.01.23"]
[Round "6"]
[White "Nielsen, Soren Skovso"]
[Black "Sorensen, Hans Erik Then"]
[Result "0-1"]
[WhiteElo "1593"]
[BlackElo "1544"]
[PlyCount "112"]
[EventDate "2006.??.??"]

1. e4 b6 2. d4 Bb7 3. Nc3 e6 4. Nf3 Nf6 5. Bd3 c5 6. e5 Nd5 7. Nxd5 Bxd5 8. c4
Bb7 9. Be3 cxd4 10. Bxd4 Nc6 11. O-O Nxd4 12. Nxd4 Bc5 13. Nb3 Qg5 14. g3 Qxe5
15. Qc2 h6 16. Rae1 Qc7 17. Be4 O-O 18. Bxb7 Qxb7 19. Nxc5 bxc5 20. b3 Rac8 21.
Re3 Rfd8 22. f4 d5 23. cxd5 Qxd5 24. Rfe1 Qd4 25. Qc1 Rd5 26. Kg2 Rcd8 27. Qa3
R8d7 28. Qa6 R5d6 29. Qa3 Qd5+ 30. Kg1 Qh5 31. Re5 Qf3 32. R5e3 Qc6 33. Qa5 Rd2
34. R3e2 Qd5 35. Qxd2 Qxd2 36. Rxd2 Rxd2 37. a4 a5 38. Rc1 Rd5 39. Kg2 g5 40.
fxg5 hxg5 41. Rc3 f5 42. Rc4 Kf7 43. Rc3 e5 44. Kf3 g4+ 45. Ke3 Ke6 46. Rc4 Kd6
47. h3 Rd4 48. hxg4 Rxg4 49. Rxg4 fxg4 50. Ke4 Ke6 51. Ke3 Kd5 52. Kd3 e4+ 53.
Kc3 Kd6 54. Kd2 Ke5 55. Ke3 Kd5 56. Ke2 Kd4 0-1

[Event "K41 Aabent Mesterskab 2006-07"]
[Site "Valby"]
[Date "2007.01.23"]
[Round "6"]
[White "Radil, Casper"]
[Black "Mikkelsen, Nikolaj"]
[Result "1-0"]
[WhiteElo "2104"]
[BlackElo "2281"]
[PlyCount "51"]
[EventDate "2006.??.??"]

1. e4 c5 2. c3 Nf6 3. e5 Nd5 4. d4 cxd4 5. Nf3 e6 6. cxd4 b6 7. Bc4 Bb7 8. O-O
d6 9. Bg5 Be7 10. Bxd5 Bxd5 11. Bxe7 Qxe7 12. Nc3 dxe5 13. Nxd5 exd5 14. dxe5
Qd7 15. e6 Qd6 16. Qa4+ Ke7 17. Nd4 fxe6 18. Rfe1 Kf7 19. Rxe6 Qd7 20. Qc2 g6
21. Rae1 Rf8 22. Qd2 Na6 23. Qh6 Rh8 24. Qf4+ Kg8 25. Re7 Re8 26. Qf7# 1-0

[Event "K41 Aabent Mesterskab 2006-07"]
[Site "Valby"]
[Date "2007.01.23"]
[Round "6"]
[White "Roder, Peter Ulrik"]
[Black "Taylor, Ralph"]
[Result "1-0"]
[WhiteElo "2029"]
[BlackElo "1876"]
[PlyCount "97"]
[EventDate "2006.??.??"]

1. e4 c5 2. Nf3 d6 3. d4 cxd4 4. Nxd4 Nf6 5. Nc3 a6 6. Be2 e6 7. Be3 Be7 8. O-O
O-O 9. f4 Qc7 10. Qe1 Re8 11. Rd1 b5 12. e5 dxe5 13. fxe5 Qxe5 14. Bf4 Qc5 15.
Bf3 Nd5 16. Nxd5 exd5 17. Qg3 Nc6 18. c3 Be6 19. Kh1 Nxd4 20. cxd4 Qb4 21. Bh6
Bf8 22. b3 Rac8 23. Rfe1 g6 24. Bf4 Bg7 25. Bd6 Qa5 26. Qf2 Qd8 27. Bc5 Bf8 28.
b4 a5 29. a3 axb4 30. axb4 Ra8 31. Qf1 Qd7 32. Be2 Reb8 33. Ra1 Rxa1 34. Rxa1
Bxc5 35. dxc5 Qe8 36. Ra6 Bd7 37. Rd6 Bc6 38. h3 Ra8 39. Qf6 Qxe2 40. Rxc6 Qe1+
41. Kh2 Qxb4 42. Rc7 Rf8 43. c6 Qc4 44. Rb7 d4 45. c7 d3 46. Qd6 Kg7 47. Rb8 d2
48. Qxf8+ Kf6 49. Qd8+ 1-0

[Event "K41 Aabent Mesterskab 2006-07"]
[Site "Valby"]
[Date "2007.01.23"]
[Round "6"]
[White "Tandrup, Michael"]
[Black "Hjortkjaer, Rolf"]
[Result "1/2-1/2"]
[WhiteElo "1866"]
[BlackElo "1754"]
[PlyCount "80"]
[EventDate "2006.??.??"]

1. d4 d5 2. Nf3 c6 3. e3 Bf5 4. c4 e6 5. Nc3 Nd7 6. Be2 Bd6 7. Qb3 Rb8 8. O-O
h6 9. cxd5 exd5 10. Re1 Ngf6 11. Qd1 Qc7 12. h3 O-O 13. b3 Ne4 14. Nxe4 dxe4
15. Nd2 Nf6 16. Nc4 Bh2+ 17. Kh1 b5 18. Nd2 Bd6 19. Bb2 Qd7 20. Bf1 Qe7 21. a4
Ng4 22. Re2 Qh4 23. Qe1 a6 24. axb5 axb5 25. f4 Qxe1 26. Rexe1 Nf6 27. g4 Bb4
28. gxf5 Bxd2 29. Re2 Bb4 30. Rc2 Ra8 31. Rac1 Nd5 32. Re2 Ra2 33. Ra1 Rfa8 34.
Rb1 f6 35. Kg1 Ne7 36. Bc1 Rxe2 37. Bxe2 Ra2 38. Rb2 Rxb2 39. Bxb2 Nxf5 40. Kf2
Nd6 1/2-1/2